Statystyki dla Państwa Europy, które nie są w Unii Europejskiej

Kliknij tutaj aby rozwiązać quiz!

Ogólne statystyki

  • Ten quiz został rozwiązany 37 razy
  • Średni wynik to 10 z 14

Statystyki odpowiedzi

Państwo% Poprawnych
Białoruś
87%
Serbia
87%
Ukraina
87%
Albania
81%
Czarnogóra
77%
Rosja
77%
Wielka Brytania
77%
Bośnia i Hercegowina
74%
Norwegia
74%
Watykan
74%
Macedonia Północna
68%
Islandia
65%
Mołdawia
65%
Monako
45%

Rozkład punktacji

Percentyl według liczby udzielonych odpowiedzi

Procent ludzi z każdym wynikiem

Twoja historia wyników

Nie rozwiązałeś tego quizu